| 000 | 00656 a2200205 i 4500 | ||
|---|---|---|---|
| 001 | 200868 | ||
| 003 | 50832 | ||
| 090 | _a200868 | ||
| 100 | _a u||y y50 zz | ||
| 200 |
_aСборник стихов _fН. Асеев, Э. Багрицкий, В.Луговской, Н. Тихонов |
||
| 210 |
_d1971 _aМосква _cСоветская Россия |
||
| 215 |
_a185 с. __185 |
||
| 225 | _aШкольная библиотека | ||
| 675 | _a821-1 | ||
| 700 |
_aАсеев _bН. |
||
| 701 |
_aБагрицкий _bЭ. |
||
| 701 |
_aЛуговской _bВ. |
||
| 701 |
_aТихонов _bН. |
||
| 942 |
_2udc _cBOOK _j821-1 _z50832 |
||
| 999 |
_c50832 _d50832 |
||